000 00381nam a2200133Ia 4500
008 211119s9999||||xx |||||||||||||| ||und||
082 _a330.122
_bVAR-A
100 _aVarious Writers,
245 0 _aAgoleekaranathinte Vipathukal
260 _bMathrubhumi Books
_aKottayam
_c2003
300 _a120p
650 _a Social sciences
_vEconomicsMalayalam
_xGeneral Stack
942 _cBOOK
999 _c119828
_d119828